000 00329pab a2200145 454500
008 180718b1995 xxu||||| |||| 00| 0 eng d
100 _aHardwari Lal
245 _aExpulsion of legislators
260 _c1995
300 _ap.5
362 _a6 Jan
650 _aLegislative bodies - India
773 _aTribune
909 _a28264
999 _c28264
_d28264